US Locations By Time Zone - Statistics

General Stats
  • This quiz has been taken 50 times
    37 since last reset
  • The average score is 15 of 24
Answer Stats
Hint Answer % Correct
New York City Eastern
91%
Houston Central
81%
Los Angeles Pacific
81%
Savannah Eastern
78%
Wisconsin Central
75%
Topeka Central
75%
Mississippi River Central
75%
Aleutian Islands Other
72%
Fresno Pacific
72%
Juneau Other
66%
Molokai Other
66%
Guam Other
66%
Mount Rainier Pacific
66%
Boise Mountain
59%
Navajo Nation Mountain
59%
Louisville Eastern
56%
Crater Lake Pacific
56%
Mount Rushmore Mountain
53%
El Paso Mountain
47%
Breckenridge Mountain
41%
Lake Huron Eastern
38%
Reno Pacific
38%
Navassa Island Eastern
28%
Pensacola Central
28%
No matching quizzes found
Score Distribution
Percent of People with Each Score
Percentile by Number Answered
Your Score History
You have not taken this quiz since the last reset